000 00702nam a2200241Ia 4500
999 _c50871
_d50871
001 17826
003 GE_BSU
005 20200226105027.0
008 181216s2005e xx |||||||||||||| ||eng||
020 _a9781405820097
040 _cGE_BSU
080 _a811.111(076) C-59
100 _aClare, Antonia.
_91647
245 _aTotal English. Pre-intermediate :
_bWorkbook (with key) /
_cAntonia Clare ; J. J. Wilson.
264 _aEdinburg :
_bPearson Longman,
_c2005.
300 _a96 p.:
_bill ;
_c28 cm.
653 _aPre-Intermediate
653 _aTotal English.
653 _aWorkbook
653 _aინგლისური ენა
700 _aWilson, J J.
_97458
942 _cBK
_2udc